| 000 | 00634nam a22001937a 4500 | ||
|---|---|---|---|
| 003 | OSt | ||
| 005 | 20260121074509.0 | ||
| 008 | 251020b |||||||| |||| 00| 0 eng d | ||
| 020 | _a9789715103305 | ||
| 040 |
_aDWCL- Main Lib _cOC |
||
| 082 | _aFil. 275.99 H531 2024 | ||
| 245 |
_aHeralds of the word : _bforming missionaries as witness to the word |
||
| 260 |
_aSta Cruz, Manila: _bLogos Publishing, _cc2024. |
||
| 300 |
_a336 pages: _bcolor illustration; _c30cm. |
||
| 650 | _a1. Society of the Divine Word -- Missionary. | ||
| 650 | _a2. Catholic Church. | ||
| 700 |
_aMichael G. Layugan _eEditor |
||
| 942 |
_2ddc _cBK-FIL _mFil _n0 |
||
| 999 |
_c4936 _d4936 |
||